[Event "43. Abierto Internacional Ciudad de Mar"]
[Site "Mar del Plata ARG"]
[Date "2012.04.01"]
[Round "3.4"]
[White "Hobaica, Juan Pablo"]
[Black "Tobares, Leandro"]
[Result "1/2-1/2"]
[WhiteElo "2395"]
[BlackElo "2203"]
[PlyCount "130"]
[EventDate "2012.03.31"]
[EventType "swiss"]
[EventRounds "9"]
[EventCountry "ARG"]
[Source "lmi"]
[SourceDate "2012.03.31"]

1. Nf3 Nf6 2. c4 c5 3. g3 g6 4. Bg2 Bg7 5. O-O O-O 6. Nc3 Nc6 7. d3 d6 8. Ne1
Bd7 9. a3 Qc8 10. Rb1 Bh3 11. b4 Bxg2 12. Kxg2 b6 13. Nc2 e6 14. Bf4 Rd8 15.
Qd2 cxb4 16. axb4 d5 17. cxd5 Nxd5 18. Nxd5 Rxd5 19. Rfc1 Qd7 20. f3 e5 21. Bh6
e4 22. Bxg7 exf3+ 23. Kxf3 Kxg7 24. Kg2 Re8 25. Rf1 Rh5 26. Rf2 Ne5 27. Ne3 a5
28. bxa5 bxa5 29. Rbf1 f6 30. Kg1 Re6 31. Qb2 Qa7 32. d4 Nf7 33. Ng4 Rb6 34.
Qc3 Ng5 35. Rxf6 Rxf6 36. Nxf6 Nh3+ 37. Kg2 Rf5 38. Rxf5 gxf5 39. Qc7+ Qxc7 40.
Ne8+ Kf7 41. Nxc7 Ng5 42. Kf2 a4 43. Nb5 Ke6 44. Ke3 Ne4 45. Kd3 Nf2+ 46. Kc4
Ng4 47. d5+ Kd7 48. Nd4 Nxh2 49. Nxf5 Ng4 50. e4 a3 51. Kb3 Nf6 52. Kxa3 Nxe4
53. Kb3 Ke8 54. Kc4 Kf7 55. Kd4 Nf6 56. Ke5 Ng4+ 57. Kf4 Nf6 58. Ne3 Nh5+ 59.
Ke5 Nxg3 60. d6 Ke8 61. Nc4 h5 62. Ke6 Ne4 63. d7+ Kd8 64. Ne5 Nc5+ 65. Kf5
Nxd7 1/2-1/2

[Event "43. Abierto Internacional Ciudad de Mar"]
[Site "Mar del Plata ARG"]
[Date "2012.04.01"]
[Round "3.5"]
[White "Giampa, Alejandro"]
[Black "Fusco, Leonardo"]
[Result "1/2-1/2"]
[WhiteElo "2210"]
[BlackElo "2391"]
[PlyCount "36"]
[EventDate "2012.03.31"]
[EventType "swiss"]
[EventRounds "9"]
[EventCountry "ARG"]
[Source "lmi"]
[SourceDate "2012.03.31"]

1. d4 g6 2. c3 Bg7 3. e4 d6 4. Bg5 h6 5. Bh4 Nf6 6. Nd2 e5 7. dxe5 dxe5 8. Ngf3
Nbd7 9. Bc4 O-O 10. O-O Qe8 11. a4 a5 12. Re1 Nc5 13. Qc2 Bd7 14. Bg3 Nh5 15.
Nf1 Nxg3 16. hxg3 h5 17. N3d2 Bh6 18. Ne3 Bxe3 1/2-1/2

[Event "43. Abierto Internacional Ciudad de Mar"]
[Site "Mar del Plata ARG"]
[Date "2012.04.02"]
[Round "4.1"]
[White "Flores, Diego"]
[Black "Amura, Claudia"]
[Result "1-0"]
[WhiteElo "2599"]
[BlackElo "2328"]
[PlyCount "91"]
[EventDate "2012.03.31"]
[EventType "swiss"]
[EventRounds "9"]
[EventCountry "ARG"]
[Source "lmi"]
[SourceDate "2012.03.31"]

1. c4 e6 2. d4 d5 3. Nf3 Nf6 4. g3 c5 5. cxd5 exd5 6. Bg2 Nc6 7. O-O h6 8. Nc3
Be7 9. dxc5 Bxc5 10. Nd2 Be6 11. Nb3 Bb4 12. Be3 O-O 13. Rc1 Re8 14. h3 Qd7 15.
Kh2 Rad8 16. Nb5 Ne4 17. Nxa7 Nxa7 18. Bxa7 Ra8 19. Bd4 Rxa2 20. Bxg7 Kxg7 21.
Qd4+ Kg8 22. Qxb4 Rxb2 23. Bxe4 dxe4 24. Rfd1 Qe7 25. Qxe7 Rxe7 26. Rd8+ Kg7
27. Nd4 b5 28. g4 Ra7 29. Kg3 Ra3+ 30. e3 Raa2 31. Nxe6+ fxe6 32. Rc7+ Kf6 33.
Rh7 Ke5 34. Rxh6 b4 35. Rh5+ Kf6 36. g5+ Ke7 37. Rhh8 b3 38. Rhe8+ Kf7 39. Rf8+
Ke7 40. Rde8+ Kd7 41. Rb8 Rb1 42. Kh4 b2 43. Rf7+ Kc6 44. Rfb7 Ra8 45. Rb6+ Kc7
46. R8b7+ 1-0

[Event "43. Abierto Internacional Ciudad de Mar"]
[Site "Mar del Plata ARG"]
[Date "2012.04.02"]
[Round "4.2"]
[White "Rodriguez, Andres"]
[Black "Landriel, Mario"]
[Result "1-0"]
[WhiteElo "2518"]
[BlackElo "2326"]
[PlyCount "47"]
[EventDate "2012.03.31"]
[EventType "swiss"]
[EventRounds "9"]
[EventCountry "ARG"]
[Source "lmi"]
[SourceDate "2012.03.31"]

1. e4 c5 2. Nf3 Nc6 3. d4 cxd4 4. Nxd4 Qb6 5. Nb3 Nf6 6. Bd3 e6 7. O-O Be7 8.
Na3 d6 9. Be3 Qd8 10. f4 O-O 11. Kh1 b6 12. c3 Bb7 13. Qc2 a6 14. Nc4 Nd7 15.
Rf3 Re8 16. Rh3 g6 17. Rf1 d5 18. exd5 exd5 19. f5 Nf6 20. fxg6 hxg6 21. Nxb6
Rb8 22. Qd2 Ne4 23. Bxe4 dxe4 24. Nd7 1-0

[Event "43. Abierto Internacional Ciudad de Mar"]
[Site "Mar del Plata ARG"]
[Date "2012.04.02"]
[Round "4.3"]
[White "Ricardi, Pablo"]
[Black "Vasta, Eduardo"]
[Result "1-0"]
[WhiteElo "2504"]
[BlackElo "2325"]
[PlyCount "73"]
[EventDate "2012.03.31"]
[EventType "swiss"]
[EventRounds "9"]
[EventCountry "ARG"]
[Source "lmi"]
[SourceDate "2012.03.31"]

1. d4 f5 2. Bg5 c6 3. Qd3 d6 4. Nc3 Qa5 5. Nf3 Na6 6. a3 Bd7 7. e4 fxe4 8. Qxe4
Bf5 9. Qe2 Nb4 10. O-O-O Nd5 11. Ne4 O-O-O 12. Qe1 Qxe1 13. Rxe1 h6 14. Bd2
Ngf6 15. Bd3 Bxe4 16. Bxe4 Nxe4 17. Rxe4 g5 18. Rhe1 Rh7 19. h4 Nf6 20. R4e2 g4
21. Nh2 Rf7 22. Nf1 Kd7 23. Ng3 Nd5 24. c3 e5 25. dxe5 dxe5 26. Rxe5 Rxf2 27.
R1e2 Rxe2 28. Rxe2 Bd6 29. Nf5 Nf4 30. Re4 Nd3+ 31. Kc2 Nf2 32. Re2 Bc5 33.
Bxh6 Kc8 34. b4 Bb6 35. Bg7 Nd3 36. g3 Rd7 37. h5 1-0

[Event "43. Abierto Internacional Ciudad de Mar"]
[Site "Mar del Plata ARG"]
[Date "2012.04.02"]
[Round "4.4"]
[White "Tristan, Leonardo"]
[Black "Bitelmajer, Martin"]
[Result "1/2-1/2"]
[WhiteElo "2438"]
[BlackElo "2318"]
[PlyCount "82"]
[EventDate "2012.03.31"]
[EventType "swiss"]
[EventRounds "9"]
[EventCountry "ARG"]
[Source "lmi"]
[SourceDate "2012.03.31"]

1. e4 e5 2. Nf3 Nc6 3. Bb5 Nge7 4. Nc3 g6 5. d4 exd4 6. Nd5 Bg7 7. Bg5 h6 8.
Bf6 Bxf6 9. Nxf6+ Kf8 10. O-O Nf5 11. Nd5 Ng7 12. Qd2 d6 13. c3 Ne7 14. Qxd4
Nxd5 15. exd5 Kg8 16. Rfe1 a6 17. Bd3 Bf5 18. Bxf5 Nxf5 19. Qf4 Qd7 20. h4 h5
21. Ng5 Kg7 22. c4 Rae8 23. Qd2 Rxe1+ 24. Rxe1 Re8 25. Qc3+ f6 26. Ne6+ Kf7 27.
Qd2 Kg8 28. Qf4 Qf7 29. Re4 Ng7 30. Qh6 Nxe6 31. Rxe6 Rxe6 32. dxe6 Qxe6 33.
Qxg6+ Kf8 34. Qh6+ Kg8 35. Qxh5 Qe1+ 36. Kh2 Qxf2 37. Qg4+ Kh7 38. h5 Qxb2 39.
Qg6+ Kh8 40. Qe8+ Kg7 41. Qg6+ Kh8 1/2-1/2

[Event "43. Abierto Internacional Ciudad de Mar"]
[Site "Mar del Plata ARG"]
[Date "2012.04.02"]
[Round "4.5"]
[White "Mussanti, Diego"]
[Black "Roselli Mailhe, Bernardo"]
[Result "0-1"]
[WhiteElo "2319"]
[BlackElo "2423"]
[PlyCount "35"]
[EventDate "2012.03.31"]
[EventType "swiss"]
[EventRounds "9"]
[EventCountry "ARG"]
[Source "lmi"]
[SourceDate "2012.03.31"]

1. e4 e6 2. d4 d5 3. Nc3 Bb4 4. e5 b6 5. Qg4 Bf8 6. Bg5 Qd7 7. f4 Nc6 8. O-O-O
Bb7 9. Nge2 f6 10. exf6 gxf6 11. Bh4 O-O-O 12. f5 exf5 13. Qf3 Nce7 14. Nf4 a6
15. Nh5 Ng6 16. Bf2 Kb8 17. Bd3 f4 18. Nxf4 0-1

[Event "43. Abierto Internacional Ciudad de Mar"]
[Site "Mar del Plata ARG"]
[Date "2012.04.02"]
[Round "4.6"]
[White "Casares Recalde, Fernando"]
[Black "Garcia Palermo, Carlos"]
[Result "0-1"]
[WhiteElo "2175"]
[BlackElo "2479"]
[PlyCount "118"]
[EventDate "2012.03.31"]
[EventType "swiss"]
[EventRounds "9"]
[EventCountry "ARG"]
[Source "lmi"]
[SourceDate "2012.03.31"]

1. e4 Nc6 2. Nf3 e5 3. Bc4 Bc5 4. O-O d6 5. c3 Nf6 6. d3 Bb6 7. Bb3 Ne7 8. a4
c6 9. Nbd2 Ng6 10. Re1 O-O 11. Nf1 h6 12. h3 Re8 13. Ng3 d5 14. Bc2 Be6 15. Be3
Bxe3 16. Rxe3 dxe4 17. dxe4 Qb6 18. b4 a5 19. Qb1 c5 20. bxc5 Qxc5 21. Bb3 Nf4
22. Bxe6 Nxe6 23. Ra2 Qc7 24. Qb5 Nc5 25. Ne1 g6 26. Nd3 Ncd7 27. Rd2 Re6 28.
Nb2 Rc6 29. Qb3 Rc8 30. c4 Rb6 31. Qd1 Nc5 32. Nd3 Nxd3 33. Rexd3 Qxc4 34. Rd8+
Kg7 35. Rxc8 Qxc8 36. Rd8 Rb1 37. Qxb1 Qxd8 38. Qb5 Qd4 39. Qxa5 h5 40. Kh2 h4
41. Ne2 Qxe4 42. Qb5 Qd5 43. Qb2 Ne4 44. f3 Nc5 45. a5 Ne6 46. Qb4 g5 47. Qc3
Nd4 48. Nc1 Qd6 49. Kh1 Nf5 50. Nd3 f6 51. Qb3 Qc6 52. Qb4 e4 53. Nc5 exf3 54.
Kg1 Kg6 55. Qc4 fxg2 56. Qg8+ Ng7 57. Qc4 Ne6 58. Qd3+ f5 59. Nd7 Qc1+ 0-1

[Event "43. Abierto Internacional Ciudad de Mar"]
[Site "Mar del Plata ARG"]
[Date "2012.04.02"]
[Round "4.7"]
[White "Claverie, Raul"]
[Black "Leskovar, Matias"]
[Result "1/2-1/2"]
[WhiteElo "2470"]
[BlackElo "2256"]
[PlyCount "53"]
[EventDate "2012.03.31"]
[EventType "swiss"]
[EventRounds "9"]
[EventCountry "ARG"]
[Source "lmi"]
[SourceDate "2012.03.31"]

1. e4 c6 2. d3 d5 3. Nd2 Nf6 4. Ngf3 Bg4 5. Qe2 e6 6. h3 Bh5 7. g4 dxe4 8. dxe4
Bg6 9. Ne5 Nbd7 10. Nxg6 hxg6 11. Bg2 Qc7 12. Nc4 Nb6 13. Bd2 Nxc4 14. Qxc4 Bd6
15. Qb3 O-O-O 16. Qe3 Qb6 17. Qxb6 axb6 18. Ke2 Nd7 19. f4 e5 20. f5 Be7 21.
Rhf1 g5 22. a4 Kc7 23. Be1 Ra8 24. Bg3 Ra6 25. b3 f6 26. Rad1 b5 27. axb5
1/2-1/2

[Event "43. Abierto Internacional Ciudad de Mar"]
[Site "Mar del Plata ARG"]
[Date "2012.04.02"]
[Round "4.8"]
[White "Peñafiel, Horacio"]
[Black "Pierrot, Facundo"]
[Result "1/2-1/2"]
[WhiteElo "2213"]
[BlackElo "2444"]
[PlyCount "71"]
[EventDate "2012.03.31"]
[EventType "swiss"]
[EventRounds "9"]
[EventCountry "ARG"]
[Source "lmi"]
[SourceDate "2012.03.31"]

1. d4 Nf6 2. c4 e6 3. Nc3 Bb4 4. e3 O-O 5. Bd3 d5 6. Nf3 c5 7. O-O cxd4 8. exd4
dxc4 9. Bxc4 b6 10. Bg5 Bb7 11. Re1 Nbd7 12. Rc1 Rc8 13. Bd3 Be7 14. Bb1 Re8
15. Ne5 Nf8 16. Qd3 Nd5 17. Bxe7 Rxe7 18. Qg3 Rec7 19. h4 Nxc3 20. bxc3 b5 21.
h5 b4 22. h6 f6 23. Nc4 Rd7 24. Nd6 Rxc3 25. Rxc3 bxc3 26. Nxb7 Rxb7 27. hxg7
Rxg7 28. Qxc3 Rd7 29. Rd1 Kh8 30. Be4 Rd6 31. Rd3 Rd7 32. Rd1 Ng6 33. Bxg6 hxg6
34. Qh3+ Kg7 35. Qxe6 Rxd4 36. Rxd4 1/2-1/2

[Event "43. Abierto Internacional Ciudad de Mar"]
[Site "Mar del Plata ARG"]
[Date "2012.04.02"]
[Round "4.9"]
[White "Rosito, Jorge"]
[Black "Di Muro, Matias"]
[Result "1/2-1/2"]
[WhiteElo "2401"]
[BlackElo "2255"]
[PlyCount "35"]
[EventDate "2012.03.31"]
[EventType "swiss"]
[EventRounds "9"]
[EventCountry "ARG"]
[Source "lmi"]
[SourceDate "2012.03.31"]

1. e4 c5 2. Nf3 Nc6 3. d4 cxd4 4. Nxd4 Nf6 5. Nc3 e5 6. Ndb5 d6 7. a4 Be6 8.
Bg5 a6 9. Na3 Rc8 10. Bc4 Be7 11. Bxf6 Bxf6 12. Nd5 Bg5 13. O-O O-O 14. c3 Kh8
15. Qe2 Ne7 16. Rad1 Ng6 17. g3 Bh6 18. Nc2 1/2-1/2

[Event "43. Abierto Internacional Ciudad de Mar"]
[Site "Mar del Plata ARG"]
[Date "2012.04.02"]
[Round "4.10"]
[White "De Cara, Juan Antoño"]
[Black "Hobaica, Juan Pablo"]
[Result "0-1"]
[WhiteElo "2169"]
[BlackElo "2395"]
[PlyCount "98"]
[EventDate "2012.03.31"]
[EventType "swiss"]
[EventRounds "9"]
[EventCountry "ARG"]
[Source "lmi"]
[SourceDate "2012.03.31"]

1. d4 Nf6 2. Nf3 g6 3. Bf4 Bg7 4. e3 c5 5. c3 Qb6 6. Qb3 d5 7. Nbd2 Nc6 8. h3
O-O 9. Be2 Qa5 10. O-O c4 11. Qc2 Bf5 12. Qc1 b5 13. Bd1 b4 14. a3 b3 15. Re1
Rae8 16. Ne5 Nxe5 17. Bxe5 Bh6 18. Bf4 Bg7 19. f3 Bd3 20. Be2 Bxe2 21. Rxe2 Nd7
22. Qf1 e5 23. Bh2 Re6 24. f4 f6 25. g4 Rfe8 26. Rae1 Qb6 27. Qg2 Qb5 28. Nf3
exf4 29. exf4 Rxe2 30. Rxe2 Rxe2 31. Qxe2 Kf7 32. f5 Qc6 33. Nh4 Nb6 34. Ng2
Bh6 35. Bf4 g5 36. Bb8 Qe8 37. Qxe8+ Kxe8 38. Ne3 Na4 39. Nd1 Bf8 40. Bc7 Kd7
41. Ba5 Bd6 42. Kf1 Bf4 43. Ke2 Bc1 44. Bb4 a6 45. Bf8 a5 46. Ke1 Bxb2 47. Kd2
Ba1 48. Bc5 Nxc5 49. dxc5 d4 0-1

[Event "43. Abierto Internacional Ciudad de Mar"]
[Site "Mar del Plata ARG"]
[Date "2012.04.03"]
[Round "5.1"]
[White "Ricardi, Pablo"]
[Black "Flores, Diego"]
[Result "0-1"]
[WhiteElo "2504"]
[BlackElo "2599"]
[PlyCount "75"]
[EventDate "2012.03.31"]
[EventType "swiss"]
[EventRounds "9"]
[EventCountry "ARG"]
[Source "lmi"]
[SourceDate "2012.03.31"]

1. Nf3 c5 2. g3 Nc6 3. Bg2 e5 4. c4 g6 5. Nc3 Bg7 6. h4 h6 7. h5 g5 8. d3 d6 9.
a3 f5 10. Rb1 Nf6 11. b4 O-O 12. Bxg5 hxg5 13. h6 Bh8 14. Nxg5 Re8 15. e3 Ng4
16. Bd5+ Kf8 17. Nh7+ Ke7 18. Kf1 e4 19. Ne2 Kd7 20. bxc5 dxc5 21. Nf4 Kc7 22.
Bf7 b6 23. dxe4 fxe4 24. Rb5 Nce5 25. Bd5 Bb7 26. Ng5 Bxd5 27. cxd5 Kb7 28.
Nxe4 Rc8 29. Ne6 Qe7 30. Rh4 Nf6 31. N6xc5+ Rxc5 32. d6 Qf7 33. Nxc5+ Ka8 34.
Na6 Kb7 35. Nc7 Rd8 36. Ra4 Qd7 37. Rd4 Qc6 38. e4 0-1

[Event "43. Abierto Internacional Ciudad de Mar"]
[Site "Mar del Plata ARG"]
[Date "2012.04.03"]
[Round "5.2"]
[White "Roselli, Bernardo"]
[Black "Rodriguez, Andres"]
[Result "1/2-1/2"]
[WhiteElo "2423"]
[BlackElo "2518"]
[PlyCount "31"]
[EventDate "2012.03.31"]
[EventType "swiss"]
[EventRounds "9"]
[EventCountry "ARG"]
[Source "lmi"]
[SourceDate "2012.03.31"]

1. d4 d5 2. Nf3 Nf6 3. Bg5 e6 4. e3 Be7 5. Nbd2 Nbd7 6. Bd3 h6 7. Bxf6 Bxf6 8.
e4 dxe4 9. Nxe4 O-O 10. O-O b6 11. Nxf6+ Nxf6 12. Ne5 Bb7 13. Be2 Rc8 14. Bf3
Bxf3 15. Nxf3 c5 16. dxc5 1/2-1/2

[Event "43. Abierto Internacional Ciudad de Mar"]
[Site "Mar del Plata ARG"]
[Date "2012.04.03"]
[Round "5.3"]
[White "Garcia Palermo, Carlos"]
[Black "De Dovitiis, Alejo"]
[Result "1-0"]
[WhiteElo "2479"]
[BlackElo "2341"]
[PlyCount "69"]
[EventDate "2012.03.31"]
[EventType "swiss"]
[EventRounds "9"]
[EventCountry "ARG"]
[Source "lmi"]
[SourceDate "2012.03.31"]

1. Nf3 Nf6 2. c4 g6 3. b3 Bg7 4. Bb2 O-O 5. g3 c6 6. Bg2 d5 7. d3 a5 8. O-O Na6
9. cxd5 cxd5 10. Nc3 Nc5 11. Rc1 b6 12. a3 Bd7 13. Ne5 Be8 14. d4 Nce4 15. Qd3
Nxc3 16. Rxc3 Bd7 17. Rfc1 Bc8 18. Nc6 Qd7 19. Qb5 Ne4 20. R3c2 Kh8 21. Qxb6
Ra6 22. Qb8 Bb7 23. Ne5 Qb5 24. Rc8 Ra8 25. Nxf7+ Kg8 26. Rxf8+ Bxf8 27. Nh6+
Kh8 28. Qe5+ Nf6 29. Rc7 Bxh6 30. Qxe7 Qa6 31. Rxb7 Re8 32. Ra7 Qb6 33. Qf7 Rf8
34. Qb7 Qe6 35. Bc1 1-0

[Event "43. Abierto Internacional Ciudad de Mar"]
[Site "Mar del Plata ARG"]
[Date "2012.04.03"]
[Round "5.4"]
[White "Trois, Francisco"]
[Black "Tristan, Leonardo"]
[Result "0-1"]
[WhiteElo "2262"]
[BlackElo "2438"]
[PlyCount "65"]
[EventDate "2012.03.31"]
[EventType "swiss"]
[EventRounds "9"]
[EventCountry "ARG"]
[Source "lmi"]
[SourceDate "2012.03.31"]

1. Nf3 d6 2. d4 f5 3. c4 Nf6 4. Nc3 g6 5. g3 Bg7 6. Bg2 O-O 7. O-O Nc6 8. d5
Na5 9. Nd2 c5 10. Qc2 e5 11. a3 b6 12. b4 Nb7 13. Rb1 Bd7 14. b5 Na5 15. e3 g5
16. Ne2 Qe8 17. Bb2 Qh5 18. Rbe1 Ng4 19. h3 Nf6 20. f4 gxf4 21. exf4 e4 22. Nc3
Qg6 23. Re3 h5 24. Kh2 Rae8 25. Rg1 Kf7 26. Ne2 Rh8 27. Bf1 Reg8 28. Kg2 Qh6
29. Kf2 h4 30. Ke1 Nh5 31. g4 Bxb2 32. Qxb2 Nxf4 33. g5 0-1

[Event "43. Abierto Internacional Ciudad de Mar"]
[Site "Mar del Plata ARG"]
[Date "2012.04.03"]
[Round "5.5"]
[White "Hobaica, Juan Pablo"]
[Black "Leskovar, Mario"]
[Result "1-0"]
[WhiteElo "2395"]
[BlackElo "2330"]
[PlyCount "87"]
[EventDate "2012.03.31"]
[EventType "swiss"]
[EventRounds "9"]
[EventCountry "ARG"]
[Source "lmi"]
[SourceDate "2012.03.31"]

1. c4 e5 2. Nc3 d6 3. g3 g6 4. Bg2 Bg7 5. e4 Nd7 6. Nge2 Ne7 7. O-O O-O 8. d4
exd4 9. Nxd4 Nc6 10. Nde2 Nde5 11. b3 f5 12. f4 Ng4 13. exf5 gxf5 14. h3 Nf6
15. Bb2 Be6 16. Qd2 Qd7 17. Kh2 Rae8 18. Rae1 Kh8 19. Nd5 Ne4 20. Bxg7+ Qxg7
21. Bxe4 fxe4 22. Ne3 Bd7 23. Qc3 Qxc3 24. Nxc3 Nd4 25. Kg2 Re6 26. f5 Re5 27.
g4 h5 28. Rf4 Rg8 29. Kf2 Nf3 30. Rd1 Ng5 31. Kg3 hxg4 32. hxg4 Kg7 33. Rh1 Bc6
34. Rh5 Kf8 35. Rf1 Be8 36. Rh6 Bf7 37. Kf4 Ke7 38. Rd1 Kd8 39. Rd4 Be8 40.
Nxe4 Nf7 41. Rh7 Rh8 42. Rxh8 Nxh8 43. c5 Bc6 44. Nxd6 1-0

[Event "43. Abierto Internacional Ciudad de Mar"]
[Site "Mar del Plata ARG"]
[Date "2012.04.03"]
[Round "5.6"]
[White "Bitelmajer, Martin"]
[Black "Fusco, Leonardo"]
[Result "1-0"]
[WhiteElo "2318"]
[BlackElo "2391"]
[PlyCount "95"]
[EventDate "2012.03.31"]
[EventType "swiss"]
[EventRounds "9"]
[EventCountry "ARG"]
[Source "lmi"]
[SourceDate "2012.03.31"]

1. d4 Nf6 2. c4 g6 3. Nc3 d5 4. Nf3 Bg7 5. e3 O-O 6. Qb3 e6 7. Bd2 b6 8. cxd5
exd5 9. Be2 Be6 10. O-O Ne4 11. Rfd1 Nxd2 12. Rxd2 c6 13. Qa3 Nd7 14. Qd6 Rc8
15. Rc1 Nb8 16. Qa3 a5 17. Na4 Bg4 18. Rdc2 Re8 19. Qb3 b5 20. Nc5 a4 21. Qc3
Bxf3 22. Bxf3 Bf8 23. Nd3 Bd6 24. g3 Rc7 25. Qd2 Qe7 26. Kg2 Kg7 27. h4 h5 28.
Re1 Qd7 29. Nc5 Bxc5 30. Rxc5 Re7 31. e4 dxe4 32. Rxe4 Rxe4 33. Bxe4 Qe6 34.
Bf3 Rd7 35. d5 cxd5 36. Rxb5 Qe5 37. Rxd5 Rxd5 38. Bxd5 Qd6 39. Qc3+ Kg8 40.
Qc4 Qd7 41. Bf3 Qa7 42. Qc8+ Kg7 43. Bb7 Kf6 44. Qh8+ Ke7 45. Qe5+ Kf8 46. Bd5
Nd7 47. Qd6+ Kg7 48. Qe7 1-0

[Event "43. Abierto Internacional Ciudad de Mar"]
[Site "Mar del Plata ARG"]
[Date "2012.04.03"]
[Round "5.7"]
[White "Della Morte, German"]
[Black "Paveto, Kevin"]
[Result "1/2-1/2"]
[WhiteElo "2344"]
[BlackElo "2279"]
[PlyCount "188"]
[EventDate "2012.03.31"]
[EventType "swiss"]
[EventRounds "9"]
[EventCountry "ARG"]
[Source "lmi"]
[SourceDate "2012.03.31"]

1. e4 e5 2. Nf3 Nc6 3. Bb5 a6 4. Ba4 Nf6 5. d3 b5 6. Bb3 Be7 7. O-O d6 8. a4
Bg4 9. c3 O-O 10. h3 Be6 11. Bxe6 fxe6 12. Qb3 d5 13. axb5 axb5 14. Rxa8 Qxa8
15. Ng5 Qa6 16. Nxe6 Na5 17. Qa2 Qxe6 18. Qxa5 dxe4 19. Qxb5 exd3 20. Qxd3 e4
21. Qe2 Bd6 22. Nd2 Qe5 23. g3 h5 24. Nc4 Qb5 25. Re1 Qf5 26. Nxd6 cxd6 27. Kg2
Nd7 28. Bf4 d5 29. Rd1 Nf6 30. c4 g5 31. Bd6 Re8 32. cxd5 g4 33. hxg4 Nxg4 34.
Bf4 h4 35. Rh1 hxg3 36. Bxg3 e3 37. d6 Rc8 38. Rh4 Nxf2 39. Bxf2 exf2 40. Qg4+
Qxg4+ 41. Rxg4+ Kf7 42. Rd4 Rc1 43. Kxf2 Ke8 44. d7+ Kd8 45. Ke3 Rc2 46. Rd2
Rc1 47. Rd3 Rc2 48. b3 Rc1 49. Kd2 Rc6 50. Rd5 Rc7 51. Kd3 Rc1 52. Kd4 Rc2 53.
Rc5 Rh2 54. Kc4 Kxd7 55. Kb5 Rh8 56. b4 Rb8+ 57. Ka4 Ra8+ 58. Ra5 Rh8 59. Rc5
Ra8+ 60. Ra5 Rh8 61. Rg5 Kc6 62. Rg6+ Kb7 63. Ka5 Rh7 64. Rb6+ Ka7 65. Rf6 Kb7
66. Rf5 Rg7 67. Kb5 Rc7 68. Rf6 Rh7 69. Rb6+ Ka7 70. Rd6 Kb7 71. Rb6+ Ka7 72.
Re6 Kb7 73. Re5 Rc7 74. Rh5 Rg7 75. Rf5 Rc7 76. Rg5 Rh7 77. Kc5 Rc7+ 78. Kd6
Rc6+ 79. Kd5 Rh6 80. Kc5 Rc6+ 81. Kb5 Rc7 82. Rd5 Rh7 83. Kc5 Rg7 84. Re5 Rc7+
85. Kd6 Rc6+ 86. Kd5 Rh6 87. Re7+ Kb6 88. Re8 Kb7 89. Kc5 Rc6+ 90. Kb5 Rc7 91.
Ka5 Rg7 92. Re6 Rh7 93. Rb6+ Ka7 94. Rd6 Kb7 1/2-1/2

[Event "43. Abierto Internacional Ciudad de Mar"]
[Site "Mar del Plata ARG"]
[Date "2012.04.03"]
[Round "5.8"]
[White "Mareco, Sandro"]
[Black "Zuriel, Marisa"]
[Result "1-0"]
[WhiteElo "2579"]
[BlackElo "2258"]
[PlyCount "69"]
[EventDate "2012.03.31"]
[EventType "swiss"]
[EventRounds "9"]
[EventCountry "ARG"]
[Source "lmi"]
[SourceDate "2012.03.31"]

1. Nf3 Nf6 2. g3 g6 3. Bg2 Bg7 4. O-O c5 5. c4 O-O 6. d4 d6 7. d5 b5 8. cxb5 a6
9. bxa6 Bxa6 10. Nc3 Nbd7 11. Rb1 Qa5 12. Qc2 Rfb8 13. Rd1 Ne8 14. Bd2 Ne5 15.
Nxe5 Bxe5 16. a4 Nc7 17. Ne4 Qb6 18. b4 Qa7 19. Be3 Bd4 20. Bxd4 cxd4 21. b5
Bc8 22. Qc4 Bf5 23. Rbc1 Ne8 24. Ra1 Bxe4 25. Bxe4 Nf6 26. Bf3 Nd7 27. Rdc1 Ne5
28. Qb4 d3 29. a5 Nxf3+ 30. exf3 Qb7 31. Rc6 Qd7 32. b6 Qf5 33. b7 Ra7 34. a6
h5 35. Rac1 1-0

[Event "43. Abierto Internacional Ciudad de Mar"]
[Site "Mar del Plata ARG"]
[Date "2012.04.03"]
[Round "5.9"]
[White "Spata, German"]
[Black "Claverie, Raul"]
[Result "1/2-1/2"]
[WhiteElo "2255"]
[BlackElo "2470"]
[PlyCount "23"]
[EventDate "2012.03.31"]
[EventType "swiss"]
[EventRounds "9"]
[EventCountry "ARG"]
[Source "lmi"]
[SourceDate "2012.03.31"]

1. d4 f5 2. c4 Nf6 3. g3 g6 4. Bg2 Bg7 5. Nc3 O-O 6. Nh3 d6 7. d5 Na6 8. Nf4 e5
9. dxe6 c6 10. O-O Nc5 11. Qc2 Nxe6 12. Rd1 1/2-1/2

[Event "43. Abierto Internacional Ciudad de Mar"]
[Site "Mar del Plata ARG"]
[Date "2012.04.03"]
[Round "5.10"]
[White "Pierrot, Facundo"]
[Black "Mellano, Santiago"]
[Result "1/2-1/2"]
[WhiteElo "2444"]
[BlackElo "2226"]
[PlyCount "36"]
[EventDate "2012.03.31"]
[EventType "swiss"]
[EventRounds "9"]
[EventCountry "ARG"]
[Source "lmi"]
[SourceDate "2012.03.31"]

1. e4 e6 2. d4 d5 3. Nd2 c5 4. exd5 Qxd5 5. Ngf3 cxd4 6. Bc4 Qd6 7. O-O Nf6 8.
Nb3 Nc6 9. Nbxd4 Nxd4 10. Nxd4 Be7 11. b3 O-O 12. Bb2 Bd7 13. Qf3 Qc7 14. Rfe1
Rfe8 15. Nb5 Qb6 16. a4 a6 17. Nd4 Bc5 18. Qf4 e5 1/2-1/2

[Event "43. Abierto Internacional Ciudad de Mar"]
[Site "Mar del Plata ARG"]
[Date "2012.04.04"]
[Round "6.1"]
[White "Flores, Diego"]
[Black "Roselli, Bernardo"]
[Result "1/2-1/2"]
[WhiteElo "2599"]
[BlackElo "2423"]
[PlyCount "59"]
[EventDate "2012.03.31"]
[EventType "swiss"]
[EventRounds "9"]
[EventCountry "ARG"]
[Source "lmi"]
[SourceDate "2012.03.31"]

1. c4 g6 2. Nc3 Bg7 3. g3 d6 4. Bg2 e5 5. d3 f5 6. e4 Nf6 7. Nge2 O-O 8. O-O
Nc6 9. Rb1 Be6 10. Nd5 Qd7 11. b4 Nh5 12. b5 Nd8 13. exf5 Bxf5 14. Nec3 c6 15.
bxc6 bxc6 16. Ne3 Be6 17. Ne4 Nf7 18. Ba3 Nf6 19. h4 Nxe4 20. dxe4 Rfd8 21. Qd3
Bh6 22. f4 exf4 23. gxf4 Qe7 24. h5 Qh4 25. hxg6 hxg6 26. e5 Bxf4 27. Qxg6+ Kf8
28. Ng4 Qg5 29. Qe4 Kg7 30. Rfe1 1/2-1/2

[Event "43. Abierto Internacional Ciudad de Mar"]
[Site "Mar del Plata ARG"]
[Date "2012.04.04"]
[Round "6.3"]
[White "Landriel, Mario"]
[Black "Mareco, Sandro"]
[Result "0-1"]
[WhiteElo "2326"]
[BlackElo "2579"]
[PlyCount "104"]
[EventDate "2012.03.31"]
[EventType "swiss"]
[EventRounds "9"]
[EventCountry "ARG"]
[Source "lmi"]
[SourceDate "2012.03.31"]

1. c4 e5 2. Nc3 Nf6 3. g3 Bb4 4. Bg2 O-O 5. Nf3 Re8 6. O-O d6 7. d3 h6 8. e4
Bg4 9. h3 Bxf3 10. Qxf3 Nc6 11. Qd1 Nd4 12. a3 Bc5 13. b4 Bb6 14. Na4 c6 15.
Nxb6 Qxb6 16. Be3 a5 17. Qd2 Nd7 18. Rfb1 axb4 19. axb4 c5 20. Ra2 Ra7 21. Rab2
Qc7 22. Qd1 Rea8 23. Qg4 Nf6 24. Qd1 Nd7 25. Qg4 Kh8 26. Qh4 Nf8 27. bxc5 dxc5
28. Qh5 Nfe6 29. h4 Ra1 30. Bh3 Kg8 31. Kg2 Rxb1 32. Rxb1 Ra3 33. Qd1 Nd8 34.
Bxd4 cxd4 35. Rb5 Ra5 36. Qb3 g6 37. Qb4 Rxb5 38. Qxb5 b6 39. Qe8+ Kg7 40. h5
gxh5 41. f4 Nc6 42. Bd7 Nb8 43. Bb5 exf4 44. e5 fxg3 45. e6 Qf4 46. Qxf7+ Qxf7
47. exf7 h4 48. Be8 Na6 49. Kh3 Nb4 50. f8=Q+ Kxf8 51. Bg6 Nc2 52. Be4 Ne3 0-1